| 000 | 00772nam a2200205 i 4500 | ||
|---|---|---|---|
| 001 | 22530 | ||
| 003 | ES-MaACL | ||
| 005 | 20230906152719.0 | ||
| 007 | t| | ||
| 008 | 021203s1945 sp ||||1| spa d | ||
| 100 | 1 |
_aAlonso Getino, Luis G. _920331 |
|
| 245 | 1 | 0 |
_aInfluencia de los Dominicos en las leyes nuevas / _cLuis Alonso Getino. |
| 260 |
_aSevilla : _bConsejo Superior de Investigaciones, _c1945. |
||
| 300 |
_aVIII, 94 p. ; _c25 cm. |
||
| 490 | 1 | _aPublicaciones de la Escuela de Estudios Hispano-Americanos de Sevilla | |
| 710 | 2 |
_aConsejo Superior de Investigaciones Científicas (España) _93236 |
|
| 830 | 0 |
_aPublicaciones de la Escuela de Estudios Hispano-Americanos de Sevilla _9180625 |
|
| 852 |
_aES-MaACL _j1854-F-4 _bR.22152 |
||
| 999 |
_c22530 _d22530 |
||